000 00871nam0a2200241 4500
001 RU\NLR\BIBL_A\011749855
005 20250627154916.0
035 _a(NLR Aleph) 011749855
090 _a13417795
_c13417795
100 _a20180714d1932 |||y0rusy50 ca
101 0 _amyv
102 _aRU
105 _ay z 000 y
200 1 _aВойнань опасностесь ды СССР-энть ванстамонь задачатне
_fА. Кадишев
210 _aМосков
_cПарт. изд-вась
_d1932
215 _a47, [1] с.
_d21
541 1 _aВоенная опасность и задачи обороны СССР
_zrus
686 1 _aЦ4,6(2)0
700 1 _4070
_aКадишев
_bА. Б.
_f1895-1968
_gАрнольд Борисович
_9146436
_3RU\NLR\AUTH\770146472
852 _aNLR
_bОНЛ
_jМорд.Э./3-601
942 _cBOOK
980 _aNB